[Event "Titled Tue 24th Jun Early"]
[Site "chess.com INT"]
[Date "2025.06.24"]
[Round "2"]
[White "Babayeva, Nasrin"]
[Black "Bacus, Dharim"]
[Result "0-1"]
[WhiteTitle "WFM"]
[BlackTitle "FM"]
[WhiteElo "1936"]
[BlackElo "2131"]
[WhiteFideId "13416626"]
[BlackFideId "5201527"]
[EventDate "2025.06.24"]

1. e4 e5 2. Nf3 Nc6 3. d3 Nf6 4. c3 g6 5. Be2 Bg7 6. O-O O-O 7. b4 a6 8. a4 d6
9. Bb2 Nh5 10. Nbd2 Nf4 11. Re1 Nxe2+ 12. Qxe2 f5 13. d4 f4 14. Qc4+ Kh8 15.
dxe5 dxe5 16. Rad1 Qe7 17. h3 Be6 18. Qf1 g5 19. Nc4 g4 20. hxg4 Bxg4 21. b5
axb5 22. axb5 Na5 23. Ba3 Qf7 24. Bxf8 Nxc4 25. Bxg7+ Kxg7 26. Rd5 Bxf3 27. gxf3
c6 28. Rc5 Nd2 29. Qg2+ Kh8 30. Kh1 Rg8 31. Qh3 Rg6 32. bxc6 bxc6 33. Ra5 Kg7
34. Rg1 Rxg1+ 35. Kxg1 Qg6+ 36. Qg4 Nxf3+ 0-1

[Event "Titled Tue 24th Jun Early"]
[Site "chess.com INT"]
[Date "2025.06.24"]
[Round "2"]
[White "Makarian, Rudik"]
[Black "Terkiewicz, Bruno"]
[Result "1-0"]
[WhiteTitle "IM"]
[BlackTitle "CM"]
[WhiteElo "2524"]
[BlackElo "2183"]
[WhiteFideId "44105681"]
[BlackFideId "21093245"]
[EventDate "2025.06.24"]

1. d4 Nf6 2. c4 e6 3. Nf3 b6 4. a3 Bb7 5. Nc3 d5 6. Qc2 Be7 7. Bf4 a6 8. cxd5
exd5 9. e3 Nbd7 10. Bd3 c5 11. O-O O-O 12. Ne5 c4 13. Bf5 g6 14. Bh3 Re8 15.
Rad1 Nf8 16. Bh6 Bd6 17. f4 b5 18. Rf3 Ne4 19. Rdf1 f5 20. Bxf5 gxf5 21. Nxe4
dxe4 22. Rg3+ Ng6 23. Qe2 Re6 24. Qh5 Qf6 25. Bg5 Qg7 26. Bh6 Qf6 27. Rg5 Bxe5
28. fxe5 Qe7 29. Rgxf5 b4 30. Qg4 Kh8 31. Rf7 Qh4 32. Bg7+ Kg8 33. Qxe6 1-0

[Event "Titled Tue 24th Jun Early"]
[Site "chess.com INT"]
[Date "2025.06.24"]
[Round "2"]
[White "Mangialardo, Tiago Carvalho"]
[Black "Ambartsumova, Karina"]
[Result "0-1"]
[BlackTitle "IM"]
[WhiteElo "1979"]
[BlackElo "2403"]
[WhiteFideId "2130718"]
[BlackFideId "4166299"]
[EventDate "2025.06.24"]

1. e4 c5 2. Nf3 a6 3. c3 d5 4. exd5 Qxd5 5. d4 Bg4 6. Be2 e6 7. dxc5 Qxd1+ 8.
Bxd1 Bxc5 9. h3 Bh5 10. O-O Nc6 11. Nbd2 Nf6 12. b4 Ba7 13. Ba4 O-O 14. Bxc6
bxc6 15. Ne5 c5 16. g4 Bg6 17. Nxg6 fxg6 18. Nb3 cxb4 19. cxb4 Nd5 20. a3 Rf3
21. Nc5 Bxc5 22. bxc5 Rc8 23. Kg2 Rd3 24. Rb1 Rxc5 25. Rb8+ Kf7 26. Bg5 h6 27.
Rb7+ Rc7 28. Rxc7+ Nxc7 29. Bf4 Nd5 30. Bd6 Rb3 31. Rc1 g5 32. Rc6 Rb6 33. Rxb6
Nxb6 34. Kf3 Nc4 35. Bc5 e5 36. Ke4 Ke6 37. Bf8 Nd6+ 38. Ke3 Nf7 39. Bc5 g6 40.
Ke4 Nd6+ 41. Ke3 Kd5 42. Bb4 Nc4+ 43. Kd3 e4+ 44. Kc3 Ne5 45. Bf8 h5 46. gxh5
gxh5 47. Be7 g4 48. h4 Nd3 0-1

[Event "Titled Tue 24th Jun Early"]
[Site "chess.com INT"]
[Date "2025.06.24"]
[Round "2"]
[White "Dwilewicz, Katarzyna"]
[Black "Kozak, Antoni"]
[Result "0-1"]
[WhiteTitle "WFM"]
[WhiteElo "2198"]
[BlackElo "2426"]
[WhiteFideId "1148486"]
[BlackFideId "21832030"]
[EventDate "2025.06.24"]

1. e4 Nc6 2. Nf3 d5 3. exd5 Qxd5 4. Nc3 Qd8 5. Bb5 Bd7 6. d4 Nf6 7. h3 a6 8. Bc4
e6 9. O-O Be7 10. Bf4 O-O 11. a4 Nb4 12. Qe2 Bc6 13. Rad1 Bxf3 14. Qxf3 c6 15.
Rd2 Nfd5 16. Nxd5 cxd5 17. Bb3 Bg5 18. c3 Nc6 19. Bc2 Bxf4 20. Qxf4 b5 21. b4 h6
22. Ra1 Qg5 23. Qxg5 hxg5 24. Bd3 Na7 25. Rda2 Rac8 26. axb5 Nxb5 27. Bxb5 axb5
28. Ra5 Rxc3 29. Rxb5 Rd3 30. Rb7 Rxd4 31. Kf1 Rc8 32. b5 Rf4 33. Ra2 Re4 34. g3
Rb4 35. Raa7 Rf8 36. b6 d4 37. Rd7 Rxb6 38. Rxd4 Rb5 39. Rdd7 Rf5 0-1

[Event "Titled Tue 24th Jun Early"]
[Site "chess.com INT"]
[Date "2025.06.24"]
[Round "2"]
[White "Guerrero Olmos, Sergio"]
[Black "Gonzalez Guedes, Iyan"]
[Result "0-1"]
[WhiteTitle "FM"]
[BlackTitle "FM"]
[WhiteElo "2378"]
[BlackElo "2238"]
[WhiteFideId "2257238"]
[BlackFideId "24524131"]
[EventDate "2025.06.24"]

1. d4 Nf6 2. Nf3 g6 3. Bf4 d6 4. h3 Bg7 5. e3 O-O 6. Nbd2 Nc6 7. Be2 Nd5 8. Bh2
e5 9. O-O Re8 10. c4 Nb6 11. d5 Ne7 12. Rc1 f5 13. b4 h6 14. Nb3 g5 15. Nfd2 Nd7
16. e4 Nf6 17. f3 Ng6 18. c5 f4 19. Qc2 Re7 20. cxd6 cxd6 21. Kh1 h5 22. Nc4 Bf8
23. Bg1 g4 24. fxg4 hxg4 25. hxg4 Rh7+ 26. Bh2 Nxg4 27. Bxg4 Bxg4 28. g3 fxg3
29. Rg1 Rxh2+ 30. Qxh2 gxh2 31. Rxg4 Kh7 32. Ne3 Bh6 33. Nf5 Bxc1 34. Nxc1 Rc8
35. Ne2 Nf4 36. Neg3 Rc1+ 37. Kxh2 Rc2+ 38. Kh1 Qb6 39. Rh4+ Kg8 40. Rg4+ Kf8
41. Rh4 Rc1+ 42. Kh2 Qg1# 0-1

[Event "Titled Tue 24th Jun Early"]
[Site "chess.com INT"]
[Date "2025.06.24"]
[Round "2"]
[White "Anupam, M Sreekumar"]
[Black "Begunov, Konstantin"]
[Result "1-0"]
[WhiteTitle "WCM"]
[BlackTitle "FM"]
[WhiteElo "1943"]
[BlackElo "2325"]
[WhiteFideId "45033501"]
[BlackFideId "4118510"]
[EventDate "2025.06.24"]

1. e4 g6 2. d4 Bg7 3. Nf3 c6 4. c3 d5 5. e5 Bg4 6. Be2 e6 7. h3 Bxf3 8. Bxf3 c5
9. O-O Nc6 10. Re1 Nge7 11. Bg5 cxd4 12. cxd4 Qb6 13. Bxe7 Kxe7 14. Nc3 Nxd4 15.
Rc1 Rhc8 16. Bxd5 Rd8 17. Be4 Qxb2 18. Qa4 Rac8 19. Rc2 Qb6 20. Rb1 Qc5 21.
Rxb7+ Kf8 22. Nd5 Qxc2 23. Bxc2 exd5 24. Qxd4 Rxc2 25. Qxa7 Kg8 26. Rxf7 Bxe5
27. g3 d4 28. Rxh7 Rf8 29. Re7 Re2 30. Qb7 d3 31. Qd5+ Kh8 32. Qxd3 1-0

[Event "Titled Tue 24th Jun Early"]
[Site "chess.com INT"]
[Date "2025.06.24"]
[Round "2"]
[White "Povshednyi, Ivan"]
[Black "Pandey, Srishti"]
[Result "1-0"]
[WhiteTitle "FM"]
[BlackTitle "WIM"]
[WhiteElo "2309"]
[BlackElo "2202"]
[WhiteFideId "14190907"]
[BlackFideId "35093290"]
[EventDate "2025.06.24"]

1. d4 Nf6 2. c4 d6 3. Nf3 Nbd7 4. Nc3 e5 5. g3 g6 6. Bg2 Bg7 7. O-O O-O 8. h3 a6
9. e4 exd4 10. Nxd4 Re8 11. Be3 Rb8 12. Qc2 Ne5 13. b3 c5 14. Nde2 b5 15. Rad1
Qe7 16. f4 Ned7 17. Bf2 b4 18. Nd5 Nxd5 19. cxd5 Nf6 20. e5 Nd7 21. Rfe1 dxe5
22. d6 Qf6 23. fxe5 Rxe5 24. Nf4 Bb7 25. Bxb7 Rxb7 26. Rxe5 Qxe5 27. Rd5 Qa1+
28. Rd1 Qc3 29. Qe4 Rb8 30. Nd5 Qe5 31. Ne7+ Kf8 32. Qf3 Qe6 33. Qd3 Ne5 34.
Qxa6 Qxh3 35. Qe2 Qe6 36. Bxc5 Rd8 37. Bxb4 Qf6 38. Rf1 Qe6 39. d7 Qb6+ 40. Qf2
Qxb4 41. Nc6 1-0

[Event "Titled Tue 24th Jun Early"]
[Site "chess.com INT"]
[Date "2025.06.24"]
[Round "2"]
[White "Guz, Ari"]
[Black "Marin Posada, Sebastian"]
[Result "1-0"]
[WhiteTitle "FM"]
[BlackTitle "FM"]
[WhiteElo "2358"]
[BlackElo "2246"]
[WhiteFideId "2825759"]
[BlackFideId "4402782"]
[EventDate "2025.06.24"]

1. Nf3 Nf6 2. b3 d5 3. Bb2 Bg4 4. Ne5 Bf5 5. g3 e6 6. Bg2 Nbd7 7. Nf3 Bg4 8. O-O
Bxf3 9. Bxf3 g6 10. c4 c6 11. d3 Bg7 12. b4 O-O 13. Qb3 a5 14. a3 axb4 15. axb4
Rxa1 16. Bxa1 Qb6 17. Nc3 Ra8 18. Bb2 Ne8 19. Ra1 Rxa1+ 20. Bxa1 Ne5 21. Bg2
dxc4 22. dxc4 Qa6 23. Qa4 Qxa4 24. Nxa4 Nxc4 25. Bxg7 Kxg7 26. Nc5 Ned6 27. f4
e5 28. Kf2 f5 29. fxe5 Nxe5 30. h3 Kf6 31. Ke3 Nec4+ 32. Kd4 Nb6 33. Bf3 Nb5+
34. Kd3 Nd6 35. Kd4 Ke7 36. Nd3 Nd7 37. g4 fxg4 38. hxg4 g5 39. Nb2 Kf6 40. Nd3
h6 41. e4 Ke6 42. Be2 Nf7 43. Bd1 Nfe5 44. Bb3+ Kd6 45. Nf2 Nf3+ 46. Ke3 Nfe5
47. Bd1 b6 48. Be2 c5 49. b5 c4 50. Kd4 Nc5 51. Bxc4 Nxc4 52. Kxc4 Ke5 53. Nd1
Kxe4 54. Nc3+ Kf4 55. Nd5+ Kxg4 56. Nxb6 h5 57. Kxc5 h4 58. Nd5 h3 59. Ne3+ Kf3
60. Nf1 Kf2 61. Nh2 g4 62. Nxg4+ Kg3 63. Ne3 Kf2 64. Kd4 h2 65. Ng4+ Kg3 66.
Nxh2 1-0

[Event "Titled Tue 24th Jun Early"]
[Site "chess.com INT"]
[Date "2025.06.24"]
[Round "2"]
[White "Moussard, Jules"]
[Black "Aakash, G"]
[Result "0-1"]
[WhiteTitle "GM"]
[BlackTitle "FM"]
[WhiteElo "2597"]
[BlackElo "2123"]
[WhiteFideId "642908"]
[BlackFideId "25644394"]
[EventDate "2025.06.24"]

1. e4 e6 2. b3 d5 3. Bb2 c5 4. exd5 exd5 5. Bb5+ Nc6 6. Qe2+ Be6 7. Nf3 Nf6 8.
O-O Bd6 9. d4 O-O 10. dxc5 Bxc5 11. Nc3 a6 12. Bxc6 bxc6 13. Na4 Bd6 14. Rad1
Bg4 15. c4 Be6 16. Qc2 Rc8 17. h3 Qe7 18. Rfe1 Bb4 19. Bc3 Bxc3 20. Qxc3 dxc4
21. Nd4 Nd5 22. Qxc4 Qf6 23. Nxe6 fxe6 24. Qd4 Qh6 25. Nc5 Nf4 26. Ne4 c5 27.
Qe5 Rf5 28. Qd6 Rcf8 29. Ng3 Rg5 30. Re5 Rg6 31. Qe7 Rgf6 32. Rd8 Ng6 33. Rxf8+
Nxf8 34. Qxc5 Qd2 35. Qe3 Qxa2 36. h4 Qa1+ 37. Kh2 Rxf2 38. Rg5 Rf7 39. h5 Qf6
40. Ne4 Qh6 41. Qg3 Kh8 42. Nd6 Rf1 43. Rc5 Qf6 44. Rc8 Qa1 45. Kh3 Qd1 46. Ne4
Rh1+ 47. Qh2 Qxh5+ 48. Kg3 Qxh2+ 49. Kg4 Qxg2+ 50. Kf4 Rf1+ 0-1

[Event "Titled Tue 24th Jun Early"]
[Site "chess.com INT"]
[Date "2025.06.24"]
[Round "2"]
[White "Cherepov, Alexej"]
[Black "Sahib, Singh"]
[Result "0-1"]
[WhiteTitle "CM"]
[BlackTitle "FM"]
[WhiteElo "2083"]
[BlackElo "2407"]
[WhiteFideId "13503650"]
[BlackFideId "25618342"]
[EventDate "2025.06.24"]

1. d4 Nf6 2. c4 e6 3. g3 d5 4. Bg2 dxc4 5. Nf3 c6 6. O-O b5 7. Ne5 Bb7 8. a4 a6
9. Nc3 Be7 10. axb5 axb5 11. Rxa8 Bxa8 12. Nxb5 cxb5 13. Bxa8 O-O 14. Bg2 Nd5
15. Bd2 Qb6 16. e3 Rd8 17. Qg4 Nc6 18. Nxc6 Qxc6 19. Ra1 b4 20. Rc1 Rc8 21. e4
Nf6 22. Qe2 Qb5 23. Bf1 Qb6 24. Rxc4 Rxc4 25. Qxc4 Nxe4 26. Qc8+ Bf8 27. Be3 Nd6
28. Qa8 Nf5 29. Qe4 g6 30. Bh3 Nd6 31. Qc2 Qb5 32. Bf1 Qd5 33. Bg2 Qc4 34. Qxc4
Nxc4 35. Bc1 Bg7 36. b3 Na5 37. Bd2 Bf8 38. d5 Nxb3 39. Be1 Nd4 40. dxe6 fxe6
41. Be4 b3 42. Kf1 Kf7 43. Bc3 Nb5 44. Be5 Bg7 45. Bxg7 Kxg7 46. Ke2 Nc3+ 47.
Kd3 Nxe4 0-1

[Event "Titled Tue 24th Jun Early"]
[Site "chess.com INT"]
[Date "2025.06.24"]
[Round "2"]
[White "Silva, Pedro Gil Ferreira Da"]
[Black "Van Essen, Mark"]
[Result "1-0"]
[WhiteTitle "FM"]
[BlackTitle "CM"]
[WhiteElo "2269"]
[BlackElo "2176"]
[WhiteFideId "1946102"]
[BlackFideId "1012819"]
[EventDate "2025.06.24"]

1. c4 d6 2. Nf3 e5 3. d4 exd4 4. Nxd4 Nc6 5. Nc3 Nf6 6. g3 Be7 7. Bg2 Bd7 8. O-O
O-O 9. b3 Nxd4 10. Qxd4 Bc6 11. Bxc6 bxc6 12. Bb2 Re8 13. Rfd1 Qc8 14. Qd3 Qh3
15. Qf3 Ng4 16. Qg2 Qxg2+ 17. Kxg2 Bf6 18. h3 Ne5 19. Ne4 Nd7 20. Nxf6+ Nxf6 21.
Bxf6 gxf6 22. Kf3 Re5 23. Rd4 Rae8 24. e3 a5 25. Rc1 R8e7 26. c5 Rxc5 27. Rxc5
dxc5 28. Ra4 Rd7 29. Rxa5 Rd2 30. a4 Rc2 31. Ra7 Rc3 32. Rxc7 Rxb3 33. Rxc6 Ra3
34. Rxf6 Rxa4 35. Rc6 Ra5 36. g4 Kg7 37. h4 Kf8 38. Rc7 Kg7 39. Kf4 Ra2 40. f3
Ra5 41. g5 Kg6 42. Rc6+ Kg7 43. h5 Rb5 44. h6+ Kf8 45. Rc8+ Ke7 46. Rh8 c4 47.
Rc8 Rb4 48. e4 Kd6 49. Kf5 Kd7 50. Rc5 Ke7 51. f4 Ra4 52. e5 Rb4 53. Rc7+ Ke8
54. Kf6 Rb6+ 55. Kg7 1-0

[Event "Titled Tue 24th Jun Early"]
[Site "chess.com INT"]
[Date "2025.06.24"]
[Round "2"]
[White "Calvo Gonzalez, Jose Felix"]
[Black "Romany, Joy"]
[Result "1-0"]
[WhiteTitle "CM"]
[BlackTitle "WIM"]
[WhiteElo "2168"]
[BlackElo "1960"]
[WhiteFideId "54505615"]
[BlackFideId "10656820"]
[EventDate "2025.06.24"]

1. e4 e5 2. Nf3 Nc6 3. Bc4 Nf6 4. Ng5 d5 5. exd5 Na5 6. Bb5+ c6 7. dxc6 bxc6 8.
Bd3 h6 9. Ne4 Be7 10. Nxf6+ Bxf6 11. O-O O-O 12. Qf3 Re8 13. Nc3 Bb7 14. Ne4 Be7
15. c3 c5 16. Bc2 Qd7 17. Qh5 Qc6 18. d3 c4 19. dxc4 Nxc4 20. f3 Qb6+ 21. Kh1
Ne3 22. Bxe3 Qxe3 23. Ng3 Bc5 24. Nf5 Qf4 25. Rae1 Bc8 26. Ng3 Bd6 27. Rd1 Bb7
28. Rxd6 e4 29. Rd4 g6 30. Qg4 Qxg4 31. fxg4 e3 32. Be4 Bxe4 33. Nxe4 f5 34.
Nf6+ Kf7 35. Nxe8 Rxe8 36. gxf5 e2 37. Re1 gxf5 38. Rd2 f4 39. Rdxe2 Rxe2 40.
Rxe2 1-0

[Event "Titled Tue 24th Jun Early"]
[Site "chess.com INT"]
[Date "2025.06.24"]
[Round "2"]
[White "Demchenko, Yaroslav"]
[Black "Manvelyan, Mikayel"]
[Result "1-0"]
[WhiteTitle "CM"]
[BlackTitle "FM"]
[WhiteElo "2263"]
[BlackElo "2362"]
[WhiteFideId "14186667"]
[BlackFideId "13310143"]
[EventDate "2025.06.24"]

1. e4 c5 2. Nf3 Nc6 3. d4 cxd4 4. Nxd4 Nf6 5. Nc3 e5 6. Ndb5 d6 7. Nd5 Nxd5 8.
exd5 Nb8 9. c4 Be7 10. Bd3 O-O 11. O-O Nd7 12. Bc2 a6 13. Nc3 f5 14. b4 g6 15.
c5 dxc5 16. d6 Bf6 17. Qd5+ Kg7 18. bxc5 e4 19. Bb2 Qa5 20. Na4 Bxb2 21. Nxb2
Qxc5 22. Qd2 Nf6 23. Bb3 Bd7 24. Rac1 Qa7 25. Rc7 Rac8 26. Rfc1 Rxc7 27. Rxc7
Rc8 28. Qc3 Rxc7 29. dxc7 Qa8 30. Nc4 Qf8 31. Nb6 Bc8 32. Nxc8 Qxc8 33. Be6 Qxe6
34. c8=Q Qd5 35. Q8c7+ Kh6 36. Qf4+ Kg7 37. Qcc7+ Nd7 38. Qfd6 Qxa2 39. Qdxd7+
Kh6 40. Qxh7+ Kg5 41. Qce7+ Kf4 42. Qh6+ Kg4 43. Qhg5# 1-0

[Event "Titled Tue 24th Jun Early"]
[Site "chess.com INT"]
[Date "2025.06.24"]
[Round "2"]
[White "Tang, Andrew"]
[Black "Hindermann, Felix"]
[Result "1-0"]
[WhiteTitle "GM"]
[BlackTitle "FM"]
[WhiteElo "2529"]
[BlackElo "2289"]
[WhiteFideId "2059630"]
[BlackFideId "1305212"]
[EventDate "2025.06.24"]

1. d4 e6 2. Bf4 b6 3. e3 Bb7 4. Nf3 f5 5. h4 Nf6 6. h5 Bd6 7. h6 g6 8. Ne5 Nc6
9. Nc3 Bb4 10. Bg5 Qe7 11. Qd3 O-O-O 12. a3 Bd6 13. Nc4 Rhf8 14. O-O-O Kb8 15.
f3 Qf7 16. Nxd6 cxd6 17. Nb5 d5 18. Bf4+ Ka8 19. Nc7+ Kb8 20. Nxe6+ Ka8 21. Nxd8
Rxd8 22. Kb1 Nh5 23. Bh2 f4 24. Bxf4 Nxf4 25. exf4 Qxf4 26. Qd2 Qf5 27. Bd3 Qf6
28. Bb5 Ne7 29. Rhe1 Nf5 30. c3 Nd6 31. Bd3 Bc6 32. Re5 Kb7 33. Rde1 Qh4 34. Qg5
Qf2 35. Qxd8 Qd2 36. Bc2 Nc4 37. R5e2 Qxh6 38. Qf6 Nd2+ 39. Rxd2 Qxd2 40. Qe5 d6
41. Qe2 Qf4 42. Qe3 Qg3 43. f4 Qg4 44. Qe7+ Ka6 45. Qxd6 Qxg2 46. Qxc6 Qf2 47.
Bd3+ Ka5 48. b4# 1-0

[Event "Titled Tue 24th Jun Early"]
[Site "chess.com INT"]
[Date "2025.06.24"]
[Round "2"]
[White "Efimov, Leonid"]
[Black "Alonso Orta, Osiel Alberto"]
[Result "0-1"]
[WhiteTitle "FM"]
[BlackTitle "FM"]
[WhiteElo "2260"]
[BlackElo "2280"]
[WhiteFideId "54165725"]
[BlackFideId "3531279"]
[EventDate "2025.06.24"]

1. c4 Nf6 2. Nf3 g6 3. b4 Bg7 4. Bb2 O-O 5. e3 d5 6. Be2 dxc4 7. Bxc4 Nbd7 8.
O-O c6 9. d4 Nb6 10. Bb3 Bf5 11. Nbd2 a5 12. a3 axb4 13. axb4 Nbd5 14. Rxa8 Qxa8
15. b5 Qa5 16. bxc6 bxc6 17. Nc4 Qb5 18. Nfe5 Ra8 19. f3 Be6 20. Re1 Nd7 21. e4
Nxe5 22. Nxe5 Nc7 23. Bxe6 Nxe6 24. Bc3 Ra3 25. Qc1 Bxe5 26. dxe5 Qc5+ 27. Re3
Nf4 28. Kf1 Qc4+ 29. Kg1 Rxc3 30. Qxc3 Qxc3 31. Rxc3 Ne2+ 32. Kf2 Nxc3 33. Ke3
Nb5 34. Kd3 Kf8 35. Kc4 Ke8 36. Kc5 Kd7 37. e6+ fxe6 38. h4 Nc7 39. g4 Ne8 40.
e5 Nc7 41. h5 Nd5 42. h6 Nf4 43. Kd4 Ne2+ 44. Ke3 Nc3 45. Kd4 Nd5 46. Kc5 Kc7
47. Kd4 Kb6 48. Ke4 c5 49. f4 c4 50. f5 gxf5+ 51. gxf5 exf5+ 52. Kxf5 c3 53. Ke6
c2 54. Kxd5 c1=Q 55. Ke6 Qc7 56. Kf7 Kc6 57. e6 Kd6 58. Kg7 Kxe6 59. Kxh7 Kf6
60. Kg8 Qd8+ 61. Kh7 Qd3+ 62. Kg8 Qg6+ 63. Kf8 Qf7# 0-1

[Event "Titled Tue 24th Jun Early"]
[Site "chess.com INT"]
[Date "2025.06.24"]
[Round "2"]
[White "Cave, Iwan"]
[Black "Dighton, Simon"]
[Result "0-1"]
[BlackTitle "CM"]
[WhiteElo "2136"]
[BlackElo "2237"]
[WhiteFideId "495948"]
[BlackFideId "408603"]
[EventDate "2025.06.24"]

1. e4 c5 2. Nf3 d6 3. d4 cxd4 4. Qxd4 Nc6 5. Qe3 g6 6. Be2 Bg7 7. O-O Nf6 8. h3
O-O 9. Rd1 Qc7 10. Nc3 a6 11. Rb1 e6 12. Qf4 Ne5 13. Nxe5 dxe5 14. Qh4 b5 15.
Bg5 Nd7 16. Bd3 Bb7 17. Ne2 Nc5 18. Ng3 Rac8 19. Nf1 f6 20. Bd2 f5 21. Ng3 Bf6
22. Bg5 Qe7 23. Bxf6 Qxf6 24. Qxf6 Rxf6 25. exf5 exf5 26. c3 Kg7 27. Rd2 Rd6 28.
Rbd1 Rcd8 29. b4 Nxd3 30. f3 e4 31. Nf1 R6d7 32. Ne3 Ne5 33. Rxd7+ Rxd7 34. Rc1
Rd3 35. Kf2 Nc4 36. Nf1 Kf6 37. fxe4 fxe4 38. Ke2 Ke5 39. g3 Rd7 40. g4 h5 41.
gxh5 gxh5 42. Ng3 h4 43. Nh1 Rg7 44. Nf2 Rg2 45. Rf1 e3 46. Kd3 Rxf2 47. Rg1
Rd2# 0-1

[Event "Titled Tue 24th Jun Early"]
[Site "chess.com INT"]
[Date "2025.06.24"]
[Round "2"]
[White "Rudolph, Anna"]
[Black "Ermachenko, Manuel"]
[Result "1/2-1/2"]
[WhiteTitle "WIM"]
[BlackTitle "CM"]
[WhiteElo "2198"]
[BlackElo "2277"]
[WhiteFideId "14102404"]
[BlackFideId "24560952"]
[EventDate "2025.06.24"]

1. e4 c5 2. Nf3 e6 3. d4 cxd4 4. Nxd4 Nf6 5. Nc3 Nc6 6. Ndb5 d6 7. Bf4 e5 8. Bg5
a6 9. Na3 b5 10. Bxf6 gxf6 11. Nd5 Be6 12. c3 f5 13. exf5 Bxf5 14. Nc2 Bg7 15.
Nce3 Be6 16. Bd3 Ne7 17. Nxe7 Qxe7 18. O-O Rd8 19. a4 O-O 20. axb5 axb5 21. Qh5
h6 22. Bxb5 f5 23. Rfd1 d5 24. Ra6 Kh8 25. Qg6 Rf6 26. Qh5 f4 27. Ng4 Bxg4 28.
Qxg4 e4 29. Rxf6 Qxf6 30. h3 e3 31. fxe3 fxe3 32. Rf1 Qg5 33. Qxg5 hxg5 34. Rf5
d4 35. cxd4 Bxd4 36. Kf1 Bxb2 37. Ke2 Rd2+ 38. Kxe3 Rxg2 39. Kf3 Rg1 40. Bd7 Kg7
41. Rb5 Bc1 42. Bg4 Bf4 43. Rb7+ Kf6 44. Rb6+ Ke5 45. Rb5+ Kd4 46. Rb4+ Kc5 47.
Rb7 Rg3+ 48. Ke4 Ra3 49. Rf7 Re3+ 50. Kf5 Kd6 51. Rf6+ Ke7 52. Ra6 Rb3 53. Ra7+
Kd6 54. Ra6+ Kc5 55. Ra5+ Kb6 56. Ra1 Re3 57. Rb1+ Kc5 58. Rc1+ Kd6 59. Rd1+ Ke7
60. Rb1 Re5+ 61. Kg6 Rc5 62. Rb7+ Kd6 63. Rb6+ Ke5 64. Re6+ Kd4 65. Re8 Rc6+ 66.
Kf5 Kd3 67. Rd8+ Kc3 68. Re8 Rb6 69. Re6 Rb5+ 70. Kg6 Kd4 71. Re8 Rd5 72. Re6
Kd3 73. Re8 Rd6+ 74. Kf5 Kc3 75. Re7 Bd2 76. Re6 Rd5+ 77. Kg6 Bf4 78. Re7 Kd4
79. Rd7 Ke5 80. Rxd5+ Kxd5 81. Kf5 Kd6 82. Kg6 Ke5 83. Kf7 Kd4 84. Ke6 Ke3 85.
Kf5 Kf2 86. Ke6 Kg3 87. Kf5 Kh4 88. Ke6 Bc1 89. Kf5 Bf4 90. Ke6 Bc1 91. Kf5 Bf4 1/2-1/2

[Event "Titled Tue 24th Jun Early"]
[Site "chess.com INT"]
[Date "2025.06.24"]
[Round "2"]
[White "Exposito Milan, Adrian"]
[Black "Rees, Ioan"]
[Result "1-0"]
[WhiteTitle "FM"]
[BlackTitle "FM"]
[WhiteElo "2179"]
[BlackElo "2280"]
[WhiteFideId "24556645"]
[BlackFideId "1801236"]
[EventDate "2025.06.24"]

1. e4 e5 2. Nf3 Nc6 3. Bc4 Nf6 4. d3 d5 5. exd5 Nxd5 6. O-O Nb6 7. Bb5 Bd6 8. d4
e4 9. Re1 f5 10. Bxc6+ bxc6 11. Ne5 O-O 12. Nc3 c5 13. f4 cxd4 14. Qxd4 Bb7 15.
Be3 Kh8 16. Rad1 Nd7 17. Nc4 Rf6 18. Nb5 Ba6 19. Nbxd6 cxd6 20. Nxd6 Qf8 21.
Nxe4 fxe4 22. Qxd7 Rc8 23. c3 Rb8 24. Qxa7 Rxb2 25. Bd4 Rg6 26. Bf2 Bd3 27. Qd7
h5 28. Rxd3 Rxf2 29. Qd8 Rxf4 30. Qxf8+ Rxf8 31. Rxe4 Ra6 32. Rd2 Rc8 33. Re5 g6
34. Re3 Kh7 35. Rf2 Ra3 36. Re7+ Kh6 37. h4 1-0

[Event "Titled Tue 24th Jun Early"]
[Site "chess.com INT"]
[Date "2025.06.24"]
[Round "2"]
[White "Alikulov, Elbek"]
[Black "Novikova, Marharyta"]
[Result "1-0"]
[WhiteTitle "IM"]
[BlackTitle "WCM"]
[WhiteElo "2305"]
[BlackElo "1974"]
[WhiteFideId "14203308"]
[BlackFideId "14109689"]
[EventDate "2025.06.24"]

1. e4 d5 2. exd5 Nf6 3. d4 Nxd5 4. c4 Nb6 5. c5 Nd5 6. Nc3 Nxc3 7. bxc3 g6 8.
Nf3 Bg7 9. Bc4 O-O 10. O-O Nd7 11. Re1 h6 12. Qb3 Rb8 13. a4 a5 14. Ba3 c6 15.
Bc1 Qc7 16. Rxe7 b6 17. Rxf7 Rxf7 18. Bxf7+ Kh7 19. Qc2 Nf8 20. Bc4 bxc5 21.
dxc5 Bg4 22. Nd4 Re8 23. Be3 Nd7 24. h3 Ne5 25. Bb3 Bc8 26. Re1 Ba6 27. Bd2 Bd3
28. Qc1 Qa7 29. Ne6 Rxe6 30. Bxe6 Qxc5 31. Be3 Qd6 32. Ba2 Bf5 33. Bd4 Nd3 34.
Qe3 Nxe1 35. Bxg7 Kxg7 36. Qxe1 Qc5 37. Qd2 Qe7 38. Qd4+ Kh7 39. Qc4 Qe8 40. Kh2
Qb8+ 41. f4 Qe8 42. Qc5 h5 43. Qxa5 Qe3 44. Qe5 Qf2 45. Qe7+ Kh6 46. Qf8+ Kh7
47. Qg8+ 1-0

[Event "Titled Tue 24th Jun Early"]
[Site "chess.com INT"]
[Date "2025.06.24"]
[Round "2"]
[White "Izafatava, Kira"]
[Black "Donoso Aguirre, Maximiliano"]
[Result "1-0"]
[WhiteTitle "WCM"]
[BlackTitle "CM"]
[WhiteElo "2036"]
[BlackElo "2050"]
[WhiteFideId "13521705"]
[BlackFideId "3458920"]
[EventDate "2025.06.24"]

1. e4 e5 2. Nf3 Nc6 3. d4 exd4 4. Nxd4 Nf6 5. Nxc6 bxc6 6. Bd3 d5 7. Nc3 Bb4 8.
exd5 cxd5 9. O-O O-O 10. Bg5 c6 11. Qf3 h6 12. Bxf6 Qxf6 13. Qxf6 gxf6 14. Ne2
Rd8 15. c3 Ba5 16. Nd4 Bd7 17. Rfe1 c5 18. Nf5 Bxf5 19. Bxf5 d4 20. Rac1 Rab8
21. Re7 Rxb2 22. cxd4 cxd4 23. Rxa7 Bb6 24. Ra3 Kg7 25. Rg3+ Kf8 26. Rd3 Rxa2
27. g3 Rd6 28. Kg2 Ra5 29. Be4 Re5 30. Bf3 Kg7 31. Rc8 f5 32. h4 f4 33. g4 Bd8
34. Kh3 Re1 35. Rc4 Bf6 36. g5 hxg5 37. hxg5 Be5 38. Kg4 f6 39. Kf5 fxg5 40.
Rc7+ Kf8 41. Rc8+ Ke7 42. Rb3 Rf6+ 43. Kxg5 Bd6 44. Rb7+ Ke6 45. Re8+ 1-0

[Event "Titled Tue 24th Jun Early"]
[Site "chess.com INT"]
[Date "2025.06.24"]
[Round "2"]
[White "Beyer, Lorenz"]
[Black "Asish Panda"]
[Result "1-0"]
[WhiteTitle "CM"]
[WhiteElo "2226"]
[BlackElo "1911"]
[WhiteFideId "16245393"]
[BlackFideId "45012458"]
[EventDate "2025.06.24"]

1. d4 d5 2. Bf4 Nf6 3. e3 e6 4. Nf3 Bd6 5. Bg3 O-O 6. c3 Ne4 7. Nbd2 f5 8. Bd3
Nd7 9. Bxd6 Nxd6 10. O-O Rf6 11. Ne5 Rh6 12. f4 Nf6 13. a4 Nfe4 14. Bxe4 fxe4
15. c4 Nf5 16. Qe2 Qh4 17. g3 Nxg3 18. hxg3 Qh1+ 19. Kf2 Rh2+ 20. Ke1 Rxe2+ 21.
Kxe2 Qh2+ 22. Rf2 Qxg3 23. c5 b6 24. b4 bxc5 25. dxc5 c6 26. Nxc6 Qg4+ 27. Ke1
Qh5 28. Nb3 a6 29. Nbd4 Qh1+ 30. Rf1 Qh3 31. Ke2 Bd7 32. Ne5 Be8 33. Rf2 Qg3 34.
Raf1 Bxa4 35. Kd2 Rb8 36. Ndc6 Bxc6 37. Nxc6 Ra8 38. Nd4 Qh4 39. Nxe6 Qe7 40.
Nd4 a5 41. Ra1 h6 42. Rff1 Qb7 43. b5 Rc8 44. c6 Qb6 45. Rfc1 h5 46. Ra2 Ra8 47.
c7 Rc8 48. Rc6 Qb7 49. b6 Kh7 50. Rxa5 Rxc7 51. bxc7 Qb2+ 52. Nc2 Qb1 53. c8=Q
Qh1 54. Qf5+ 1-0